000 00228nam a2200097Ia 4500
008 170619s9999 xx 000 0 und d
100 _aDHAMEJA DHAMEJA
245 0 _aINDUSTRIAL PSYCHOLOGY
260 _bKataria and Sons
260 _c2009
546 _aENGLISH
999 _c19018
_d19018